000 01142nam a2200301 a 4500
001 11942
003 BD-RjUL
005 20211208235216.0
008 161005s1984 nyua b 001 0 eng d
020 _a0471059919
035 _a(BD-RjUL)11991
040 _aDLC
_cDLC
_dDLC
_d(BD-RjUL)
_beng
041 _aeng
082 0 0 _a574.1925
_223
_bBEB 1984
100 1 _aBender, Myron L.,
_d1924-1988.
_937030
245 1 4 _aThe bioorganic chemistry of enzymatic catalysis /
_cMyron L. Bender, Raymond J. Bergeron, Makoto Komiyama.
260 _aNew York :
_bWiley,
_cc1984.
300 _axiii, 312 p. :
_bill. ;
_c24 cm.
500 _a"A Wiley-Interscience publication."
504 _aIncludes bibliographies and index.
650 0 _aEnzymes.
_937031
650 0 _aBioorganic chemistry.
_937032
700 1 _aBergeron, Raymond J.
_d1945- , jt.auth.
_937033
700 1 _aKomiyama, Makoto
_d1947- , jt. auth.
_937034
856 4 2 _3Contributor biographical information
_uhttp://www.loc.gov/catdir/bios/wiley042/83019857.html
856 4 2 _3Publisher description
_uhttp://www.loc.gov/catdir/description/wiley034/83019857.html
942 _2ddc
_cBK
999 _c11942
_d11942